A Siluro-Devonian oil horizon in southern Oklahoma, (Record no. 26165)

MARC details
000 -LEADER
fixed length control field 00733cam a22002411 4500
001 - CONTROL NUMBER
control field gs 22000152
003 - CONTROL NUMBER IDENTIFIER
control field DLC
005 - DATE AND TIME OF LATEST TRANSACTION
control field 20260227111326.0
008 - FIXED-LENGTH DATA ELEMENTS--GENERAL INFORMATION
fixed length control field 780920s1922 oku s000 0 eng
010 ## - LIBRARY OF CONGRESS CONTROL NUMBER
LC control number gs 22000152
035 ## - SYSTEM CONTROL NUMBER
System control number (OCoLC)4240552
040 ## - CATALOGING SOURCE
Original cataloging agency DLC
Transcribing agency UU
Modifying agency OCoLC
-- DLC
042 ## - AUTHENTICATION CODE
Authentication code premarc
050 00 - LIBRARY OF CONGRESS CALL NUMBER
Classification number QE153
Item number .A3 no. 10
082 ## - DEWEY DECIMAL CLASSIFICATION NUMBER
Classification number 557/.66
100 1# - MAIN ENTRY--PERSONAL NAME
Personal name Morgan, George Dillon,
Dates associated with a name 1894-
245 12 - TITLE STATEMENT
Title A Siluro-Devonian oil horizon in southern Oklahoma,
Statement of responsibility, etc. by Geo. D. Morgan.
260 ## - PUBLICATION, DISTRIBUTION, ETC.
Place of publication, distribution, etc. Norman,
Date of publication, distribution, etc. 1922.
300 ## - PHYSICAL DESCRIPTION
Extent 13p.
Other physical details incl.tables.
Dimensions 23cm.
490 0# - SERIES STATEMENT
Series statement Oklahoma. Geological Survey. Circular
Volume/sequential designation no. 10
500 ## - GENERAL NOTE
General note Research and field investigation series. Paper no. 1.
650 #0 - SUBJECT ADDED ENTRY--TOPICAL TERM
Topical term or geographic name entry element Geology
Geographic subdivision Oklahoma.

No items available.

Powered by Koha